Managing human resources

Bibliographic Details
Main Author: Sayles, Leonard R.
Other Authors: Strauss, George Auth
Format: Book
Published: Englewood Cliffs : Prentice Hill Inc , 1981
Subjects:

MARC

LEADER 00000cam a2200000 7i4500
001 0000001757
005 20030122.0
040 |a INS 
090 0 0 |a HF5549.   |b S183 1981 
100 1 |a Sayles, Leonard R. 
245 1 0 |a Managing human resources   |c Leonard R. Sayless and George Strauss 
260 |a Englewood Cliffs :   |b Prentice Hill Inc ,   |c 1981 
300 |a xiii, 510 p :   |b ill ;   |c 29 cm. 
500 |a Includes bibliographical reference and indexed 
650 0 0 |a Pesonnel management 
700 1 |a Strauss, George Auth 
999 |a 0000000424   |b BOOK   |c Open Shelf   |e Default branch